| 000 | 00440nam a2200157Ia 4500 | ||
|---|---|---|---|
| 008 | 231221s9999 xx 000 0 und d | ||
| 020 | _a9780000000000 | ||
| 041 | _aEnglish | ||
| 082 | _a658.404 GRA;1 | ||
| 100 | _aGray, Clifford F. Larson, Erik W. Desai, Gautam V. | ||
| 245 | 0 | _aProject management : the managerial process | |
| 250 | _a4th ed. | ||
| 260 |
_c2010 _bTata McGraw-Hill _aNew Delhi |
||
| 300 | _axxi, 706 | ||
| 942 | _cBM | ||
| 999 |
_c216516 _d216516 |
||